[Event "Druzynowe Mistrzostwa Polski - II Liga 2023"]
[Site "Jastrzebia Gora"]
[Date "1899-12-30"]
[Round "3.13"]
[White "Mickiewicz, Piotr"]
[Black "Kumala, Aleksander"]
[Result "1/2-1/2"]
[WhiteTitle "m"]
[BlackTitle "CM"]
[WhiteElo "2255"]
[BlackElo "2165"]

1. Nf3 Nf6 2. c4 Nc6 3. d4 e6 4. a3 g6 5. Nc3 Bg7 6. e4 d6 7. Be2 O-O 8. O-O Re8
9. Be3 e5 10. dxe5 Nxe5 11. Nxe5 dxe5 12. Qxd8 Rxd8 13. Nb5 Rd7 14. Rfd1 c6 15.
Nxa7 Rxd1+ 16. Rxd1 Be6 17. f3 Nd7 18. b4 Bf8 19. Rb1 Bd6 20. a4 Bb8 21. Nc8 Bc7
22. Ne7+ Kf8 23. Nd5 cxd5 24. cxd5 Bxd5 25. exd5 Bb6 26. Bxb6 Nxb6 27. a5 Nxd5
28. Bc4 Ne3 29. Bb3 Nf5 30. Bd5 Rb8 31. Rc1 Ne7 32. Rc5 b6 33. Rb5 Nxd5 34. Rxd5
bxa5 35. bxa5 f6 36. a6 Rb1+ 37. Kf2 Ra1 38. Rd8+ Kg7 39. Ra8 Ra2+ 40. Kf1 h5
41. a7 Kh7 42. Ke1 Kg7 43. Kd1 Kh7 44. Kc1 Kg7 45. Kb1 Ra6 46. Kc2 Ra2+ 47. Kb3
Ra6 48. h4 Ra1 49. Kb4 Rb1+ 50. Kc5 Ra1 51. Kb6 Rb1+ 52. Kc6 Ra1 53. Kd6 Ra2 54.
Ke6 Ra6+ 55. Ke7 Ra1 56. Kd7 Ra2 57. g3 Ra1 58. Kc6 Ra2 59. Kb6 Rb2+ 60. Kc5 Ra2
61. Kc4 Ra1 62. Kd5 1/2-1/2

[Event "Druzynowe Mistrzostwa Polski - II Liga 2023"]
[Site "Jastrzebia Gora"]
[Date "1899-12-30"]
[Round "3.14"]
[White "Cichocki, Adam"]
[Black "Kosiorek, Marek"]
[Result "1-0"]
[WhiteTitle "FM"]
[BlackTitle "m"]
[WhiteElo "2286"]
[BlackElo "2259"]

1. d4 d5 2. c4 e6 3. Nf3 Nf6 4. g3 Be7 5. Bg2 O-O 6. O-O Ne4 7. Nc3 f5 8. Qb3 c6
9. Ne5 Qb6 10. c5 Qc7 11. Nxe4 fxe4 12. Qc3 b6 13. b4 Ba6 14. Re1 bxc5 15. bxc5
Nd7 16. Bf4 Nxe5 17. Bxe5 Qd7 18. f3 exf3 19. exf3 Bf6 20. Bh3 Rae8 21. Bd6 Rf7
22. Re3 Bd8 23. Rae1 Rf6 24. f4 Bc8 25. f5 Qf7 26. Bf4 Rxf5 27. Bxf5 Qxf5 28.
Bd6 Bf6 29. Be5 Bg5 30. Rf3 Qg4 31. Kg2 h6 32. Qa5 Bf6 33. Qxa7 Rf8 34. Rf4 Qg6
35. Ref1 h5 36. Bxf6 gxf6 37. Qe7 Ba6 38. Qxf8+ 1-0

[Event "Druzynowe Mistrzostwa Polski - II Liga 2023"]
[Site "Jastrzebia Gora"]
[Date "1899-12-30"]
[Round "3.15"]
[White "Maciaga, Marcin"]
[Black "Kindler, Przemyslaw"]
[Result "1-0"]
[WhiteTitle "k++"]
[BlackTitle "k"]
[WhiteElo "2123"]
[BlackElo "1984"]

1. c4 e5 2. Nc3 Nc6 3. Nf3 g6 4. g3 Bg7 5. Bg2 d6 6. O-O f5 7. d3 Nf6 8. Rb1 a5
9. a3 O-O 10. b4 axb4 11. axb4 Ne7 12. Qb3 h6 13. c5+ Kh7 14. cxd6 Qxd6 15. Nd2
Nc6 16. Nc4 Qe7 17. b5 Nd4 18. Ba3 Qd8 19. Qb2 Re8 20. e3 Ne6 21. Nxe5 Ng8 22.
d4 Nxd4 23. exd4 Qxd4 24. Nd5 Qxe5 25. Qxe5 Bxe5 26. Bb2 Bd6 27. Rfc1 Ra2 28.
Bf3 Bd7 29. Nxc7 Rc8 30. b6 Be6 31. Bd4 Ba3 32. Re1 Bc4 33. Bxb7 Rd8 34. Be3 Bd3
35. Ra1 Rxa1 36. Rxa1 Bb2 37. Rd1 Rb8 38. Bf3 Be4 39. Bxe4 fxe4 40. Rd7+ Kh8 41.
Na6 Re8 42. b7 Nf6 43. Bd4 1-0

[Event "Druzynowe Mistrzostwa Polski - II Liga 2023"]
[Site "Jastrzebia Gora"]
[Date "1899-12-30"]
[Round "3.16"]
[White "Gumula, Daniel"]
[Black "Syrkiewicz, Michal"]
[Result "1-0"]
[WhiteTitle "FM"]
[BlackTitle "k"]
[WhiteElo "2146"]
[BlackElo "2041"]

1. e4 c5 2. Nf3 e6 3. b3 b6 4. d4 cxd4 5. Nxd4 Bb7 6. Bd3 Bc5 7. Bb2 Qf6 8. c3
Qg6 9. Qf3 Nc6 10. Nxc6 Bxc6 11. O-O Nf6 12. Nd2 Qg5 13. Rad1 O-O 14. Qh3 Qg4
15. Qxg4 Nxg4 16. c4 d5 17. h3 Nf6 18. cxd5 exd5 19. Bxf6 gxf6 20. exd5 Bxd5 21.
Be4 Bxe4 22. Nxe4 Kg7 23. Nxc5 bxc5 24. Rfe1 Rfd8 25. Kf1 a5 26. Rxd8 Rxd8 27.
Re4 Rd2 28. Ra4 Rc2 29. Rxa5 c4 30. b4 Rb2 31. a3 c3 32. Rc5 Rb3 33. Ke2 Rxa3
34. Kd3 Rb3 35. b5 Kf8 36. Kc2 Ra3 37. b6 Ra2+ 38. Kxc3 Ra3+ 39. Kc4 Ra4+ 40.
Kb5 Ra1 41. b7 Rb1+ 42. Kc6 Ke7 43. Rb5 Rc1+ 44. Kb6 1-0

[Event "Druzynowe Mistrzostwa Polski - II Liga 2023"]
[Site "Jastrzebia Gora"]
[Date "1899-12-30"]
[Round "3.17"]
[White "Krasiewicz, Robert"]
[Black "Hiszczynski, Jakub"]
[Result "1-0"]
[WhiteTitle "k+"]
[BlackTitle "I++"]
[WhiteElo "1945"]
[BlackElo "1858"]

1. Nf3 Nf6 2. c4 g6 3. d4 Bg7 4. g3 O-O 5. Bg2 d6 6. O-O c5 7. Nc3 Nc6 8. h3 cxd4
9. Nxd4 Bd7 10. Nc2 Qc8 11. Kh2 Na5 12. b3 Ng4+ 13. hxg4 Bxc3 14. Bh6 Re8 15.
Ne3 Bxg4 16. Rc1 Bh8 17. c5 dxc5 18. b4 Nc6 19. Rxc5 Qd7 20. b5 Ne5 21. Bf4 Qxd1
22. Rxd1 Bxe2 23. Bxe5 Bxe5 24. Rxe5 Bxd1 25. Nxd1 Rad8 26. Nc3 Rd2 27. Ne4 Rxa2
28. Nf6+ Kf8 29. Nxe8 Kxe8 30. Kg1 Ra1+ 31. Kh2 Ra2 32. Bxb7 Rxf2+ 33. Kg1 Rd2
34. Re3 Kd8 35. Bc6 h5 36. Ra3 g5 37. Rxa7 Rd6 38. Ra8+ Kc7 39. Re8 Re6 40. Rh8
h4 41. gxh4 gxh4 42. Rxh4 Re5 43. Re4 Rg5+ 44. Kf2 e5 45. Kf3 Kb6 46. Re1 f6 47.
Ke4 Rg4+ 48. Kd5 Rd4+ 49. Ke6 Rf4 50. Rb1 Rf2 51. Be4 Rf4 52. Bf5 Rd4 53. Bh3
Rf4 54. Bf1 Rf2 55. Bd3 Rd2 56. Rb3 Rf2 57. Bf5 Rd2 58. Kxf6 Rd5 59. Bd3 e4 60.
Be2 Kc5 61. Ke6 Rg5 62. Rc3+ Kd4 63. Rc6 Rg2 64. Rc2 Ke3 65. Kd5 Rg5+ 66. Kc6
Rg6+ 67. Kb7 Rg7+ 68. Ka6 Rg2 69. b6 1-0

[Event "Druzynowe Mistrzostwa Polski - II Liga 2023"]
[Site "Jastrzebia Gora"]
[Date "1899-12-30"]
[Round "3.18"]
[White "Kindler, Karolina"]
[Black "Michalska, Aleksandra"]
[Result "0-1"]
[WhiteTitle "I++"]
[BlackTitle "I++"]
[WhiteElo "1808"]
[BlackElo "1844"]

1. d4 Nf6 2. Nf3 g6 3. c4 Bg7 4. Bf4 O-O 5. Nc3 d5 6. e3 c5 7. Be2 Nc6 8. dxc5
Ne4 9. O-O Nxc3 10. bxc3 dxc4 11. Qxd8 Rxd8 12. Rac1 e5 13. Bg3 Rd5 14. Bxc4 Rxc5
15. Bb3 h6 16. Rfd1 e4 17. Nd4 Ne5 18. Bxe5 Bxe5 19. h3 b6 20. Ne2 Ba6 21. c4
Rac8 22. Rd7 R8c7 23. Rxc7 Rxc7 24. Rc2 Rd7 25. g3 Kf8 26. Nc3 Bxc3 27. Rxc3 Ke7
28. Rc2 Rc7 29. Kg2 f5 30. g4 fxg4 31. hxg4 Rc5 32. Kg3 g5 33. a4 Ke6 34. Rc1
Ke5 35. Rh1 Rc6 36. Rh5 Rf6 37. f4+ exf3 38. Kf2 Bc8 39. Bd1 Bxg4 40. Rh1 Be6
41. Kg3 Bxc4 42. Rh2 Ke4 43. Rf2 Kxe3 44. Rxf3+ Rxf3+ 45. Bxf3 Bb3 46. Bc6 Bd1
47. Bd7 h5 48. Bb5 h4+ 49. Kh3 Kf4 50. Bc6 Bg4+ 51. Kh2 Bf5 0-1

[Event "Druzynowe Mistrzostwa Polski - II Liga 2023"]
[Site "Jastrzebia Gora"]
[Date "1899-12-30"]
[Round "3.19"]
[White "Maciejczak, Jakub"]
[Black "Grzesik, Gracjan"]
[Result "0-1"]
[WhiteTitle "FM"]
[BlackTitle "k"]
[WhiteElo "2360"]
[BlackElo "2149"]

1. d4 Nf6 2. c4 e6 3. g3 c5 4. d5 exd5 5. cxd5 d6 6. Nc3 g6 7. Bg2 Bg7 8. Nf3 O-O
9. O-O Re8 10. Re1 a6 11. a4 Ne4 12. Nxe4 Rxe4 13. Nd2 Rb4 14. Ra2 b5 15. axb5
Nd7 16. b3 Rxb5 17. Qc2 Rab8 18. h3 f5 19. Ra3 Ra5 20. Rxa5 Qxa5 21. e4 fxe4 22.
Rxe4 Qd8 23. Re2 Ne5 24. f4 Bf5 25. Be4 Bxe4 26. Rxe4 Nf7 27. Nc4 Qd7 28. Kg2
Qb5 29. Re3 Bd4 30. Rf3 Re8 31. f5 Ne5 32. Rf1 Qb7 33. Qe4 Qxb3 34. Nxd6 Rd8 35.
fxg6 hxg6 36. Rf6 Rxd6 37. Rxd6 Qa2+ 38. Kh1 Qf2 39. Rd8+ Kg7 40. Bh6+ Kh7 41.
Qb1 Nf3 0-1

[Event "Druzynowe Mistrzostwa Polski - II Liga 2023"]
[Site "Jastrzebia Gora"]
[Date "1899-12-30"]
[Round "3.20"]
[White "Sokolowski, Ryszard"]
[Black "Malovanyi, Yulian"]
[Result "0-1"]
[WhiteTitle "k"]
[BlackTitle "FM"]
[WhiteElo "1958"]
[BlackElo "2325"]

1. d4 g6 2. e4 d6 3. c4 e5 4. d5 a5 5. Nc3 Na6 6. Bd3 Bd7 7. Nge2 h5 8. Be3 Bh6
9. Qd2 Qe7 10. O-O-O Nc5 11. Bc2 Bxe3 12. Qxe3 Nf6 13. h3 Rb8 14. f4 h4 15. Rhf1
Nh5 16. f5 gxf5 17. exf5 Qf6 18. b3 Qh6 19. Qxh6 Rxh6 20. a3 b5 21. cxb5 Bxb5
22. Nxb5 Rxb5 23. Rf3 Nf6 24. Re3 Rb7 25. Kb2 Na4+ 26. Ka2 Nb6 27. Nc3 Rh5 28.
a4 Rg5 29. Rd2 Ke7 30. Rf3 Rg8 31. Bd1 Rbb8 32. Bc2 Rg7 33. Rff2 Rg3 34. Ne4 Nxe4
35. Bxe4 Nd7 36. Rf3 Rxf3 37. Bxf3 Nc5 38. Bd1 Kf6 39. Bc2 e4 40. Rf2 Ke5 41.
Bd1 Nd3 42. Rf1 Nb4+ 43. Kb2 Nxd5 44. Bh5 f6 45. Bf7 Ne3 0-1

[Event "Druzynowe Mistrzostwa Polski - II Liga 2023"]
[Site "Jastrzebia Gora"]
[Date "1899-12-30"]
[Round "3.21"]
[White "Janaszak, Dawid"]
[Black "Majewski, Krzysztof"]
[Result "1/2-1/2"]
[WhiteTitle "FM"]
[BlackTitle "I+"]
[WhiteElo "2302"]
[BlackElo "1903"]

1. e4 e6 2. d4 d5 3. Nd2 dxe4 4. Nxe4 Nd7 5. g3 Ngf6 6. Nxf6+ Nxf6 7. Bg2 c5 8.
Ne2 cxd4 9. Qxd4 Be7 10. O-O O-O 11. c4 Qa5 12. Bd2 Qa6 13. b4 Rd8 14. Qc3 Ng4
15. Qc2 e5 16. h3 Nf6 17. b5 Qb6 18. Bc3 Be6 19. Qa4 Qc5 20. Rfe1 Bxc4 21. Rac1
Bxb5 22. Qb3 Bc6 23. Bd4 Qb4 24. Bxe5 Bxg2 25. Bxf6 Qxb3 26. axb3 Bxf6 27. Kxg2
Rd3 28. b4 Rb3 29. Nf4 Bg5 30. Rc4 h6 31. Rd1 b5 32. Re4 a5 33. bxa5 Rxa5 34.
Nd5 Ra6 35. h4 Bf6 36. Nc7 Rc6 37. Rd7 Rb2 38. Nd5 Rcc2 39. Rf4 Rc6 40. Re4 Re6
41. Rf4 Rc2 42. Rb7 Rc5 43. Rf5 Be5 44. Rd7 f6 45. Nf4 Rd6 46. Rb7 Rdc6 47. Nd3
g6 48. Rf3 Rc3 49. Rxb5 Bd4 50. Rd5 R3c4 51. Rd7 Rc7 52. Rd6 R7c6 53. Rd5 Rc7
54. Nf4 Kf7 55. Rd3 Bc5 56. Rd7+ Be7 57. Rxc7 1/2-1/2

[Event "Druzynowe Mistrzostwa Polski - II Liga 2023"]
[Site "Jastrzebia Gora"]
[Date "1899-12-30"]
[Round "3.22"]
[White "Gajdzica, Maciej"]
[Black "Szyszylo, Rafal"]
[Result "0-1"]
[WhiteTitle "k"]
[BlackTitle "CM"]
[WhiteElo "1968"]
[BlackElo "2074"]

1. d4 d6 2. Nf3 g6 3. c4 Bg7 4. Nc3 Nf6 5. e4 O-O 6. Be2 Na6 7. O-O e5 8. Be3 Qe8
9. dxe5 dxe5 10. a3 c6 11. Qd6 Bg4 12. Rad1 Qc8 13. h3 Bxf3 14. Bxf3 Re8 15. b4
Nc7 16. Bg5 Ne6 17. Bxf6 Bxf6 18. Bg4 h5 19. Bxe6 Rxe6 20. Qd7 Re7 21. Qxc8+ Rxc8
22. Rd6 Bg5 23. Rfd1 Kf8 24. a4 Rec7 25. Rd7 Ke8 26. Rxc7 Rxc7 27. Kf1 Be7 28.
Na2 b6 29. Ke2 a5 30. bxa5 bxa5 31. Rb1 Bc5 32. Rb8+ Kd7 33. Nc1 Ba7 34. Rb1 Kc8
35. Nb3 Rb7 36. g3 Rb4 37. Kd3 Bxf2 38. g4 hxg4 39. hxg4 Bd4 40. c5 Kd7 41. Kc2
Rxa4 42. Rf1 Ke7 43. g5 Bxc5 44. Nxc5 Rc4+ 45. Kb3 Rxc5 46. Ra1 Rb5+ 47. Kc3 Rb4
48. Kd3 Rd4+ 49. Ke3 a4 50. Rb1 a3 51. Rb7+ Rd7 52. Rb6 Ra7 53. Rxc6 a2 0-1

[Event "Druzynowe Mistrzostwa Polski - II Liga 2023"]
[Site "Jastrzebia Gora"]
[Date "1899-12-30"]
[Round "3.23"]
[White "Chmielarz, Maciej"]
[Black "Lonski, Aleksander"]
[Result "0-1"]
[WhiteTitle "I++"]
[BlackTitle "I"]
[WhiteElo "1996"]
[BlackElo "1805"]

1. d4 d5 2. c4 e6 3. Nc3 c6 4. Nf3 Nf6 5. Bg5 h6 6. Bh4 dxc4 7. e4 g5 8. Bg3 b5
9. Be2 Bb7 10. h4 g4 11. Ne5 h5 12. Bf4 Be7 13. f3 gxf3 14. Bxf3 Nbd7 15. Nxd7
Qxd7 16. e5 Nd5 17. Nxd5 exd5 18. g4 hxg4 19. Bxg4 Qd8 20. h5 Bc8 21. h6 Be6 22.
Bxe6 fxe6 23. Qg4 Kd7 24. O-O-O Qa5 25. Kb1 Rag8 26. Qh3 b4 27. Rdg1 Qd8 28. Bc1
Qe8 29. Qf3 a5 30. Ka1 Rg6 31. Rg4 Rh7 32. Rhg1 Rxg4 33. Rxg4 Qh5 34. Qg2 Rf7
35. Rg7 Qd1 36. Kb1 Qh5 37. h7 Rxg7 38. Qxg7 Qf5+ 39. Ka1 Qc2 40. Qh6 Bf8 41.
h8=Q Bxh6 42. Qxh6 c3 43. bxc3 bxc3 44. Qg7+ Kc8 45. Qf8+ Kb7 46. Qf1 Qa4 47.
Qd3 Qb4 48. Qb1 Ka6 49. Qxb4 axb4 50. Be3 Kb5 51. Kb1 Ka4 52. Kc2 Ka3 53. Bg5
Ka4 54. Bc1 Kb5 55. Be3 Ka4 56. Bc1 Kb5 57. Kb3 c5 58. a4+ bxa3 59. Kxc3 cxd4+
60. Kxd4 Kb4 61. Bd2+ Kb3 62. Kd3 Kb2 63. Bc3+ Kb1 64. Kd4 a2 65. Kc5 a1=Q 66.
Bxa1 Kxa1 67. Kd6 d4 68. Kxe6 d3 69. Kf7 d2 70. e6 d1=Q 71. e7 Qd7 72. Kf8 Qf5+
73. Kg8 Qe6+ 74. Kf8 Qf6+ 0-1

[Event "Druzynowe Mistrzostwa Polski - II Liga 2023"]
[Site "Jastrzebia Gora"]
[Date "1899-12-30"]
[Round "3.24"]
[White "Krzywnicka, Maria"]
[Black "Kaczmarska, Joanna"]
[Result "0-1"]
[WhiteTitle "I++"]
[BlackTitle "k++"]
[WhiteElo "1835"]
[BlackElo "1866"]

1. e4 d5 2. exd5 Qxd5 3. Nf3 Nf6 4. d4 Bg4 5. Be2 Nc6 6. c4 Qd7 7. O-O Bxf3 8.
Bxf3 Nxd4 9. Bxb7 Rb8 10. Bf3 c5 11. Nc3 e6 12. b3 Bd6 13. Be3 O-O 14. g3 e5 15.
Bg2 Ng4 16. h3 Nf6 17. f4 Nf5 18. Qf3 Nh5 19. Bf2 exf4 20. Qxh5 fxg3 21. Be1 Ne3
22. Rf3 Nc2 23. Rd1 Nd4 24. Bxg3 f5 25. Bxd6 Qxd6 26. Rfd3 g6 27. Qg5 a6 28. h4
Kg7 29. h5 Rf6 30. h6+ Kf8 31. Re1 Rf7 32. Rde3 f4 33. Ne4 Qc7 34. Rf3 Nxf3+ 35.
Bxf3 Rf5 36. Qg2 Qe7 37. Rd1 Qh4 38. Qd2 Re8 39. Qd6+ Qe7 40. Qxa6 Re5 41. Qf6+
Kg8 42. Qxe7 R8xe7 43. Rd8+ Kf7 44. Nd6+ Kf6 45. Rf8+ Ke6 46. Nc8 Rg5+ 47. Kf2
Rc7 48. Bd5+ Ke5 49. a4 Rh5 50. Re8+ Kf6 51. Nd6 Rxh6 52. Re6+ Kg5 53. a5 Rh2+
54. Bg2 Ra7 55. Kg1 Rh5 56. a6 Kg4 57. Nc8 Rd7 58. Rd6 Rc7 59. Rc6 Rd7 60. a7
Rd1+ 61. Kf2 Rd2+ 62. Kf1 Ra2 63. Rf6 Ra1+ 64. Kf2 Rh2 65. Nb6 0-1

[Event "Druzynowe Mistrzostwa Polski - II Liga 2023"]
[Site "Jastrzebia Gora"]
[Date "1899-12-30"]
[Round "3.26"]
[White "Karut, Kacper"]
[Black "Kaminski, Piotr"]
[Result "1-0"]
[WhiteTitle "I"]
[BlackTitle "k"]
[WhiteElo "2065"]
[BlackElo "2024"]

1. e4 c6 2. d4 d5 3. Nc3 dxe4 4. Nxe4 Bf5 5. Ng3 Bg6 6. h4 h6 7. Nf3 Nd7 8. h5
Bh7 9. Bd3 Bxd3 10. Qxd3 e6 11. Bd2 Ngf6 12. O-O-O Be7 13. Kb1 b5 14. Ne4 a5 15.
Rdg1 b4 16. g4 Nd5 17. g5 Qb6 18. gxh6 gxh6 19. Rg7 Qb5 20. Qxb5 cxb5 21. Ne5
Bf8 22. Rg2 Rc8 23. f4 N7f6 24. Nxf6+ Nxf6 25. f5 exf5 26. Rf1 Ne4 27. Rxf5 Nxd2+
28. Rxd2 Rg8 29. Nf3 Rg3 30. Re2+ Be7 31. d5 Kf8 32. a3 bxa3 33. Ne5 Bg5 34. Nxf7
Kg7 35. Nxg5 Rxg5 36. Re7+ Kg8 37. Rxg5+ hxg5 38. h6 Rd8 39. Rg7+ Kh8 40. Rxg5
axb2 41. Kxb2 Kh7 42. d6 Rxd6 43. Rxb5 Kxh6 44. Rxa5 Kg6 45. Re5 Kf6 46. Re2 Rb6+
47. Ka3 Rc6 48. Kb4 Rb6+ 49. Kc5 Rb2 50. Kd4 Ra2 51. Kd3 Kf5 52. Re1 Ra6 53. Kd4
Kf6 54. c4 Rc6 55. Kd5 Rc8 56. c5 Rd8+ 57. Kc6 Rd2 58. Kc7 Kf7 59. c6 Rb2 60.
Kd7 Rd2+ 61. Kc8 Rb2 62. c7 Rb3 63. Re4 Rb1 64. Kd7 Rd1+ 65. Kc6 Rc1+ 66. Kd6
Rc2 67. Re5 Kf6 68. Rc5 Rd2+ 69. Kc6 1-0

[Event "Druzynowe Mistrzostwa Polski - II Liga 2023"]
[Site "Jastrzebia Gora"]
[Date "1899-12-30"]
[Round "3.27"]
[White "Szmyd, Arkadiusz"]
[Black "Pacuszka, Tomasz"]
[Result "1-0"]
[WhiteTitle "CM"]
[BlackTitle "FM"]
[WhiteElo "2053"]
[BlackElo "2156"]

1. e4 c6 2. d4 d5 3. Nc3 dxe4 4. Nxe4 Bf5 5. Ng3 Bg6 6. h4 h6 7. Nf3 Nd7 8. Bd3
Bxd3 9. Qxd3 Ngf6 10. Bd2 e6 11. O-O-O Be7 12. Kb1 Qc7 13. Nf1 O-O-O 14. Ne3 b5
15. g4 Nd5 16. c4 Nxe3 17. fxe3 b4 18. c5 Qb7 19. Qc4 a5 20. Ka1 Qb5 21. Qxb5
cxb5 22. a3 f6 23. axb4 a4 24. b3 axb3 25. Kb2 Kc7 26. Ra1 Ra8 27. Kxb3 Kc6 28.
e4 h5 29. gxh5 f5 30. d5+ exd5 31. Nd4+ Kc7 32. Nxb5+ Kb7 33. exd5 Bxc5 34. bxc5
Nxc5+ 35. Kc4 Ne4 36. Be3 Rhe8 37. Rhb1 1-0

[Event "Druzynowe Mistrzostwa Polski - II Liga 2023"]
[Site "Jastrzebia Gora"]
[Date "1899-12-30"]
[Round "3.28"]
[White "Krainski, Aleksander"]
[Black "Boruta, Dawid"]
[Result "1-0"]
[WhiteTitle "FM"]
[BlackTitle "I++"]
[WhiteElo "2090"]
[BlackElo "1990"]

1. d4 Nf6 2. Nf3 c5 3. e3 cxd4 4. exd4 d5 5. Be2 Nc6 6. O-O g6 7. c3 Bg7 8. Nbd2
O-O 9. Re1 Qc7 10. Bf1 Bg4 11. h3 Bxf3 12. Nxf3 Rad8 13. Bd3 Nd7 14. Bg5 f6 15.
Bh4 Rde8 16. c4 Nb4 17. Bg3 e5 18. cxd5 Nxd3 19. Qxd3 Qd6 20. dxe5 Nxe5 21. Bxe5
fxe5 22. Ng5 Qb6 23. Re2 Qd4 24. Qb3 Qb6 25. d6+ Qxb3 26. axb3 a6 27. Rd1 Bf6
28. d7 Ra8 29. Ne6 Rfb8 30. Nc7 Ra7 31. Nd5 Bd8 32. Rxe5 b5 33. Nb4 1-0

[Event "Druzynowe Mistrzostwa Polski - II Liga 2023"]
[Site "Jastrzebia Gora"]
[Date "1899-12-30"]
[Round "3.29"]
[White "Ociepka, Tomasz"]
[Black "Krainski, Slawomir"]
[Result "1-0"]
[WhiteTitle "I+"]
[BlackTitle "k"]
[WhiteElo "1835"]
[BlackElo "1982"]

1. e4 e6 2. d4 d5 3. Nd2 Nf6 4. e5 Nfd7 5. f4 c5 6. Ndf3 Nc6 7. Ne2 Qb6 8. c3 Be7
9. g3 cxd4 10. cxd4 f6 11. exf6 Nxf6 12. Nc3 Ne4 13. Bd3 Bf6 14. Bxe4 dxe4 15.
Nxe4 Bxd4 16. Nxd4 Qxd4 17. Qxd4 Nxd4 18. O-O O-O 19. b3 Bd7 20. Bb2 Nc2 21. Rac1
Nb4 22. Rc7 Rfd8 23. Nc5 Na6 24. Rxd7 Nxc5 25. Rxg7+ Kf8 26. Rxh7 Ne4 27. f5 e5
28. Bxe5 Ng5 29. Rh8+ Kf7 30. Rxd8 Rxd8 31. Bf4 Ne4 32. Rc1 Kf6 33. g4 Rd5 34.
Kg2 Nc5 35. Be3 Nd3 36. Rf1 a5 37. g5+ Kf7 38. g6+ Kf6 39. h4 Ne5 40. Bg5+ Kg7
41. h5 1-0

[Event "Druzynowe Mistrzostwa Polski - II Liga 2023"]
[Site "Jastrzebia Gora"]
[Date "1899-12-30"]
[Round "3.30"]
[White "Hertlein, Irena"]
[Black "Tarnowska, Aleksandra"]
[Result "1-0"]
[WhiteTitle "WFM"]
[BlackTitle "WCM"]
[WhiteElo "2050"]
[BlackElo "1860"]

1. e4 c5 2. Nf3 e6 3. d4 cxd4 4. Nxd4 a6 5. Bd3 Bc5 6. Nb3 Ba7 7. Qg4 Nf6 8. Qg3
d6 9. Nc3 Nc6 10. Bg5 Ne5 11. Be2 b5 12. f4 Ng6 13. e5 h6 14. exf6 hxg5 15. fxg7
Rg8 16. fxg5 d5 17. h4 Rxg7 18. O-O-O Bd7 19. Bd3 Bb8 20. Qe1 Nf4 21. g3 Nxd3+
22. Rxd3 Kf8 23. Rf1 b4 24. Nxd5 exd5 25. Qxb4+ Kg8 26. Rxd5 Bxg3 27. Qd4 Bxh4
28. Qxh4 Qe7 29. Rh1 Kf8 30. Qh8+ Rg8 31. Qh6+ Ke8 32. Nc5 Qe3+ 33. Kb1 Be6 34.
Nxe6 Qxe6 35. Qxe6+ fxe6 36. Re5 Ke7 37. Rh6 Raf8 38. Rhxe6+ Kd7 39. b3 Rxg5 40.
Rxg5 Kxe6 41. Rg6+ Kd5 42. Rxa6 Kc5 43. Kb2 Rf1 44. Ra5+ Kb4 45. Rh5 Rf5 46. a3+
1-0

[Event "Druzynowe Mistrzostwa Polski - II Liga 2023"]
[Site "Jastrzebia Gora"]
[Date "1899-12-30"]
[Round "3.31"]
[White "Klepek, Witold"]
[Black "Zysko, Jan"]
[Result "1/2-1/2"]
[WhiteTitle "k++"]
[BlackTitle "k+"]
[WhiteElo "2299"]
[BlackElo "2167"]

1. e4 c5 2. Nf3 e6 3. d4 cxd4 4. Nxd4 Nc6 5. Nc3 Qc7 6. Be2 a6 7. Nxc6 bxc6 8.
Qd3 Nf6 9. Qg3 Qxg3 10. hxg3 d5 11. g4 Bb7 12. f3 Bd6 13. g5 Nd7 14. Bd2 f6 15.
O-O-O fxg5 16. Bxg5 O-O 17. Na4 a5 18. c4 Be5 19. Be3 Rab8 20. c5 Ra8 21. exd5
exd5 22. Bd3 g6 23. Rh4 Ba6 24. Bc2 Bf6 25. Rh3 Rae8 26. f4 Be2 27. Re1 Bb5 28.
Nc3 d4 29. Nxb5 Rxe3 30. Rhxe3 dxe3 31. Nc7 1/2-1/2

[Event "Druzynowe Mistrzostwa Polski - II Liga 2023"]
[Site "Jastrzebia Gora"]
[Date "1899-12-30"]
[Round "3.32"]
[White "Solnicki, Michal"]
[Black "Musial, Tomasz"]
[Result "1/2-1/2"]
[WhiteTitle "k"]
[BlackTitle "CM"]
[WhiteElo "2110"]
[BlackElo "2184"]

1. Nf3 Nf6 2. g3 d5 3. Bg2 c6 4. O-O Bg4 5. h3 Bxf3 6. Bxf3 e5 7. d3 Be7 8. Nd2
O-O 9. e4 Nbd7 10. Qe2 Qc7 11. Re1 d4 12. Bg2 Ne8 13. f4 f6 14. Nf3 c5 15. Nh4
g6 16. Rf1 Ng7 17. Bf3 Rac8 18. c3 c4 19. cxd4 exd4 20. dxc4 Qxc4 21. Qxc4+ Rxc4
22. Be2 Rc2 23. Bd3 Rc7 24. Nf3 Nc5 25. Bc4+ Kh8 26. Bd5 f5 27. Nxd4 Nxe4 28.
Bxe4 fxe4 29. Be3 Nf5 30. Nxf5 gxf5 31. Rac1 Rd7 1/2-1/2

[Event "Druzynowe Mistrzostwa Polski - II Liga 2023"]
[Site "Jastrzebia Gora"]
[Date "1899-12-30"]
[Round "3.33"]
[White "Zarnowski, Krzysztof"]
[Black "Pettersson, Alexander"]
[Result "1-0"]
[WhiteTitle "k"]
[BlackTitle "I"]
[WhiteElo "2113"]
[BlackElo "1820"]

1. d4 Nf6 2. c4 d6 3. Nc3 e5 4. Bg5 Be7 5. Nf3 Nbd7 6. Qc2 c6 7. e3 O-O 8. Bd3
h6 9. Bh4 Re8 10. O-O Nh5 11. Bxe7 Qxe7 12. Rfe1 Ndf6 13. dxe5 dxe5 14. Nd2 Be6
15. Red1 Rad8 16. Be2 g6 17. Qa4 a6 18. Qa5 Bg4 19. Bxg4 Nxg4 20. h3 Ngf6 21.
c5 Ng7 22. Nc4 Rxd1+ 23. Rxd1 Nf5 24. Qb6 Rb8 25. b4 Kg7 26. Na5 Qe6 27. Qc7 Re8
28. Qxb7 Nd5 29. Nxd5 cxd5 30. Qxd5 Qf6 31. Nc4 Nh4 32. Qe4 h5 33. Rd5 Qg5 34.
Rxe5 Nf3+ 35. Qxf3 Rxe5 36. Nxe5 Qxe5 37. Qd1 Kh6 38. Qd4 Qe6 39. Qh8+ Kg5 40.
f4+ Kh4 41. Kh2 Qxa2 42. Qf6+ 1-0

[Event "Druzynowe Mistrzostwa Polski - II Liga 2023"]
[Site "Jastrzebia Gora"]
[Date "1899-12-30"]
[Round "3.34"]
[White "Chrzaszcz, Malvina"]
[Black "Swider, Pawel"]
[Result "0-1"]
[WhiteTitle "k+"]
[BlackTitle "I++"]
[WhiteElo "1962"]
[BlackElo "1944"]

1. e4 c6 2. Nf3 d5 3. Nc3 Bg4 4. h3 Bxf3 5. Qxf3 e6 6. d4 dxe4 7. Qxe4 Nf6 8. Qd3
Bd6 9. g3 Nbd7 10. Bg2 Qc7 11. Bd2 O-O 12. O-O a6 13. a4 Rad8 14. a5 Rfe8 15.
Rfd1 c5 16. Ne4 Nxe4 17. Qxe4 Rb8 18. Bc3 Nf6 19. Qe2 c4 20. Ra4 Rec8 21. d5 Nxd5
22. Bxd5 exd5 23. Rxd5 Qc6 24. Rg5 g6 25. Ra1 Re8 26. Qd2 Rbd8 27. Rd5 Be7 28.
Rd1 Rxd5 29. Qxd5 Qxd5 30. Rxd5 Rd8 31. Rxd8+ Bxd8 32. Kg2 f5 33. Kf3 Bg5 34.
Ke2 Kf7 35. f4 Be7 36. Ke3 Bc5+ 37. Bd4 Bb4 38. Bb6 Be1 39. g4 Ke6 40. Ke2 Bg3
41. Kf3 Be1 42. Ke2 Bb4 43. c3 Bd6 44. Kf3 Kd5 45. Bd8 Bc5 46. Bf6 Bf8 47. Bd8
Bd6 48. Ke3 Kc5 49. Bb6+ Kb5 50. Bd8 Ka4 51. gxf5 Bc5+ 52. Ke4 gxf5+ 53. Kxf5
Kb3 54. Ke6 Kxb2 55. Bf6 b6 56. axb6 Bxb6 57. Kd5 Kb3 58. f5 a5 59. Be5 Bd8 60.
Kd4 a4 61. Bd6 Bf6+ 62. Be5 Be7 63. f6 Bxf6 0-1

[Event "Druzynowe Mistrzostwa Polski - II Liga 2023"]
[Site "Jastrzebia Gora"]
[Date "1899-12-30"]
[Round "3.35"]
[White "Slezinski, Nikodem"]
[Black "Kaniak, Monika"]
[Result "1-0"]
[WhiteTitle "I++"]
[BlackTitle "k"]
[WhiteElo "1970"]
[BlackElo "1796"]

1. e4 c6 2. Nc3 d5 3. Qf3 dxe4 4. Nxe4 Nf6 5. Bc4 e6 6. Ne2 Be7 7. d4 Nbd7 8. Nxf6+
Nxf6 9. Bg5 Bd7 10. O-O-O Nd5 11. Bxe7 Qxe7 12. Rhe1 O-O 13. Kb1 Rfe8 14. Nf4
Qf6 15. Re4 b5 16. Bd3 g6 17. Qg3 Nxf4 18. Rxf4 Qg7 19. Re4 Rac8 20. Qd6 Red8
21. Rde1 c5 22. Re5 c4 23. Be4 Bc6 24. Qe7 Rxd4 25. Rxe6 Rcd8 26. c3 fxe6 27.
Qxe6+ Qf7 28. Qxf7+ Kxf7 29. cxd4 Bxe4+ 30. Rxe4 Kf6 31. Kc2 Kf5 32. f3 h5 33.
Kc3 Rd5 34. a4 a6 35. axb5 axb5 36. Re5+ Rxe5 37. dxe5 Kxe5 38. Kb4 Kd4 39. Kxb5
c3 40. bxc3+ Kxc3 41. Kc5 Kd3 42. Kd5 Ke3 43. Ke5 Kf2 44. g4 Kxf3 45. g5 h4 46.
Kf6 h3 47. Kxg6 Kg2 48. Kf5 Kxh2 49. g6 Kg2 50. g7 h2 51. g8=Q+ Kf1 52. Qc4+ Kg2
53. Qe2+ Kg1 54. Kg4 h1=Q 55. Kg3 1-0

[Event "Druzynowe Mistrzostwa Polski - II Liga 2023"]
[Site "Jastrzebia Gora"]
[Date "1899-12-30"]
[Round "3.36"]
[White "Gluszko, Monika"]
[Black "Hampel, Anna"]
[Result "0-1"]
[WhiteTitle "k"]
[BlackTitle "I++"]
[WhiteElo "1915"]
[BlackElo "1644"]

1. e4 e6 2. d4 d5 3. Nc3 Nf6 4. Bg5 dxe4 5. Nxe4 Be7 6. Bxf6 gxf6 7. Nf3 f5 8.
Ng3 a6 9. Ne5 Nd7 10. Qh5 Nxe5 11. dxe5 Qd4 12. c3 Qxe5+ 13. Be2 Bd7 14. O-O O-O-O
15. Rfe1 Qg7 16. Bf3 Bd6 17. Rad1 Qg6 18. Qh4 e5 19. Qc4 e4 20. Bh5 Qh6 21. Bxf7
Rhf8 22. b4 Qf6 23. Bh5 Be6 24. Qe2 Qxc3 25. Rc1 Qxb4 26. Rb1 Qa3 27. Nxe4 fxe4
28. Qxe4 Bd5 29. Bg4+ Kb8 30. Qc2 Qc5 31. Qxc5 Bxc5 32. Rb2 Rde8 33. Rd1 Bc6 34.
h3 Rf4 35. g3 Rfe4 36. Kh2 Re1 37. Rbd2 Rxd1 38. Bxd1 Re1 0-1